01052 a2200205 4500999001700000020001800017082002000035100002600055245003000081260003700111300001000148500001800158520043300176650000800609650001400617650001000631650001700641942001200658952017600670 c26768d26768 a9781316603710 a340.0954bRAN-B aRankin, George Claus  aBackground To Indian Law  bCambridge University Pressc2016 a232p. aInclude Index aOriginally published in 1946, this book was written to provide British lawyers with a guide to the legal processes of India, particularly those lawyers engaging with Indian law for the first time. The text is divided into two main parts: civil law and criminal law. A list of cases cited is included at the end of the text. This book will be of value to anyone with an interest in the development of Indian law and legal history aLaw aCivil law aIndia aCriminal law 2ddccBK 00104070aNASSDOCbNASSDOCd2021-04-13eOverseas Press India Private Limitedg1564.72i2021-03-08l0o340.0954 RAN-Bp51486r2021-04-13 00:00:00v2203.84w2021-04-13yBK